| 000 | 00779cam a2200241 i 4500 | ||
|---|---|---|---|
| 008 | |||
| 020 | _a0878938001 (pbk.) | ||
| 090 |
_aQH75 _bCON |
||
| 245 | 0 | 0 |
_aConservation biology : _ban evolutionary-ecological perspective / _cedited by Michael E. Soule and Bruce A. Wilcox. |
| 260 |
_aSunderland, Mass. : _bSinauer Associates, _cc1980. |
||
| 300 |
_axv, 395 p. : _bill. ; _c23 cm. |
||
| 504 | _aIncludes bibliographical references. | ||
| 500 | _aIncludes index. | ||
| 650 | 0 |
_aConservation biology _xCongresses. |
|
| 700 | 1 | _aSoule, Michael E. | |
| 700 | 1 | _aWilcox, Bruce A. | |
| 907 |
_a.b10200125 _b19-11-13 _c03-05-06 |
||
| 003 | |||
| 005 | 20230123134209.0 | ||
| 040 | _cNUST | ||
| 049 | _aMAIN | ||
| 942 |
_cBOOKS _kQH75 _mCON |
||
| 999 |
_c161727 _d161727 |
||